[Event "Warsaw YMCA Spring 48th"]
[Site "Warsaw"]
[Date "2008.06.06"]
[Round "10"]
[White "Nguyen, Piotr"]
[Black "Przybyla, Kamil"]
[Result "1-0"]
[WhiteElo "2269"]
[BlackElo "2145"]
[PlyCount "95"]
[EventDate "2008.04.02"]
[EventType "tourn"]
[EventRounds "13"]
[EventCountry "POL"]
[SourceTitle "EXT 2019"]
[Source "ChessBase"]
[SourceDate "2018.10.10"]
[SourceVersion "1"]
[SourceVersionDate "2018.10.10"]
[SourceQuality "1"]

1. e4 e5 2. Nf3 Nf6 3. Nxe5 d6 4. Nf3 Nxe4 5. Nc3 Nxc3 6. dxc3 Be7 7. Bf4 0-0 8. Qd2 Nc6 9. 0-0-0 Bg4 10. Be2 Re8 11. Kb1 Bf6 12. h3 Bf5 13. g4 Be4 14. Rhg1 Ne5 15. Ne1 Bh4 16. Be3 Qe7 17. Ng2 Nf3 18. Bxf3 Bxf3 19. Nxh4 Bxd1 20. Nf5 Bxc2+ 21. Qxc2 Qe4 22. g5 Qxc2+ 23. Kxc2 Re5 24. Ng3 Rae8 25. h4 c5 26. Rd1 Rd8 27. c4 g6 28. Bf4 Re6 29. Rd2 a6 30. b3 b5 31. f3 Kf8 32. Ne4 Ke7 33. Nc3 b4 34. Nd5+ Kd7 35. Kd1 Kc6 36. Nf6 a5 37. Rd5 Ra8 38. Ne4 a4 39. Bxd6 axb3 40. axb3 Ra1+ 41. Kd2 Ra2+ 42. Kd3 Rb2 43. Rxc5+ Kd7 44. Rc7+ Kd8 45. Rxf7 Rxb3+ 46. Kd4 Ke8 47. Rf8+ Kd7 48. Nc5+ 1-0

[Event "Warsaw YMCA Spring 48th"]
[Site "Warsaw"]
[Date "2008.05.14"]
[Round "7"]
[White "Sliwerski, Radoslaw"]
[Black "Przybyla, Kamil"]
[Result "0-1"]
[WhiteElo "2210"]
[BlackElo "2145"]
[PlyCount "72"]
[EventDate "2008.04.02"]
[EventType "tourn"]
[EventRounds "13"]
[EventCountry "POL"]
[SourceTitle "EXT 2019"]
[Source "ChessBase"]
[SourceDate "2018.10.10"]
[SourceVersion "1"]
[SourceVersionDate "2018.10.10"]
[SourceQuality "1"]

1. d4 Nf6 2. c4 e6 3. Nc3 Bb4 4. Nf3 b6 5. g3 Bb7 6. Bg2 c5 7. 0-0 cxd4 8. Nb5 a6 9. Nbxd4 0-0 10. Bg5 h6 11. Bf4 Be7 12. b3 d6 13. Bc1 Qc7 14. Bb2 Nbd7 15. Rc1 Rac8 16. Nd2 Bxg2 17. Kxg2 Qb7+ 18. Kg1 Ne4 19. Nxe4 Qxe4 20. Qc2 Qxc2 21. Rxc2 Bf6 22. Rd1 b5 23. Ba3 bxc4 24. Bxd6 cxb3 25. Rxc8 Rxc8 26. Nxb3 Ne5 27. Bb4 Rc2 28. Rd2 Rc4 29. Bd6 Nc6 30. Kg2 a5 31. Nc5 Bc3 32. Rd1 Nd4 33. e3 Nb5 34. Be7 Bb4 35. Rd8+ Kh7 36. Rc8 Nc3 0-1

[Event "Warsaw YMCA Spring 48th"]
[Site "Warsaw"]
[Date "2008.04.30"]
[Round "5"]
[White "Luksik, Mateusz"]
[Black "Przybyla, Kamil"]
[Result "1/2-1/2"]
[WhiteElo "2171"]
[BlackElo "2145"]
[PlyCount "131"]
[EventDate "2008.04.02"]
[EventType "tourn"]
[EventRounds "13"]
[EventCountry "POL"]
[SourceTitle "EXT 2019"]
[Source "ChessBase"]
[SourceDate "2018.10.10"]
[SourceVersion "1"]
[SourceVersionDate "2018.10.10"]
[SourceQuality "1"]

1. d4 Nf6 2. Nf3 e6 3. Bf4 b6 4. e3 Bb7 5. Nbd2 c5 6. c3 Nc6 7. Bd3 Be7 8. 0-0 d5 9. Ne5 0-0 10. Qf3 Nxe5 11. dxe5 Nd7 12. Qh3 g6 13. Nf3 Re8 14. Bb5 f5 15. exf6 Bxf6 16. Rfd1 a6 17. Bxd7 Qxd7 18. Be5 Qg7 19. Qg3 Bxe5 20. Nxe5 Rf8 21. Rd2 Rf5 22. f4 Rff8 23. Qh3 Qe7 24. Qg4 Rad8 25. Rad1 Qf6 26. h4 Qf5 27. Qxf5 gxf5 28. g4 fxg4 29. Nxg4 Kf7 30. Kf2 h5 31. Ne5+ Kf6 32. Rg1 Rg8 33. Rdd1 Kf5 34. Nf7 Rxg1 35. Rxg1 Rd7 36. Rg5+ Kf6 37. Ne5 Rh7 38. a3 b5 39. Nd3 c4 40. Nc1 Rg7 41. Ne2 Rxg5 42. fxg5+ Kg7 43. Nf4 e5 44. Nxh5+ Kg6 45. Ng3 a5 46. Ne2 Kf5 47. Ke1 Kg4 48. g6 Bc8 49. e4 dxe4 50. Kf2 Kxh4 51. Ke3 Kg5 52. g7 Be6 53. Ng3 Kf6 54. Nxe4+ Kxg7 55. Nd6 Bd7 56. a4 b4 57. cxb4 axb4 58. a5 c3 59. bxc3 bxc3 60. a6 Bc6 61. Kd3 Kf6 62. Kxc3 Ke6 63. Nb7 Kd7 64. Nc5+ Kc7 65. a7 Kb6 66. Nd7+ 1/2-1/2